Advertisement call of Centrolene geckoideum (Registro nro. 9814)

Detalles MARC
000 -CABECERA
Campo de control 005700000a22001930004500
090 ## - CLASIFICACIÓN LOCAL
Colección AR
Consecutivo 00723
041 0# - IDIOMA
Código de idioma para texto/pista de sonido o título separado
100 1# - ASIENTO PRINCIPAL--NOMBRE PERSONAL
Nombre personal Grant, Taran
245 10 - MENCION DE TITULO
Título Advertisement call of Centrolene geckoideum
650 14 - ASIENTO SECUNDARIO DE MATERIA - TERMINO TEMATICO
Término temático o nombre geográfico como elemento de entrada Anfibios
650 14 - ASIENTO SECUNDARIO DE MATERIA - TERMINO TEMATICO
Término temático o nombre geográfico como elemento de entrada Bioacústica
650 14 - ASIENTO SECUNDARIO DE MATERIA - TERMINO TEMATICO
Término temático o nombre geográfico como elemento de entrada Etología
651 #4 - ASIENTO SECUNDARIO DE MATERIA - NOMBRE GEOGRAFICO
-- Valle del Cauca
-- Colombia
653 ## - TERMINO DE INDIZACION - NO CONTROLADO
-- Centrolene
-- Centrolene geckoideum
700 1# - ASIENTO SECUNDARIO - NOMBRE PERSONAL
Nombre personal Castro, Fernando
700 1# - ASIENTO SECUNDARIO - NOMBRE PERSONAL
Nombre personal Bolovar G., Wilmar
773 1# - Item fuente:
Título Journal of Herpetology
Especificación de materiales 49
Descripción física 3
Paginas del Articulo 452-455
Lugar, editorial y fecha de publicación 1998
Información sobre la relación 32
942 ## - ELEMENTOS ADICIONALES (KOHA)
Tipo de ítem Artículo
Existencias
Withdrawn status Lost status Damaged status No para préstamo Colección Ubicación Permanente Ubicación actual Fecha de adquisición Datos de publicación Seriada Total Checkouts Número topográfico Inventario / Código de Barras Date last seen Ejemplar Price effective from Forma de adquisición Tipo de material
      No para Préstamo Hemeroteca Bogotá Bogotá 27/02/2015 Fuera de circulación   AR 00723 011040 25/03/2015 1 25/03/2015   Artículo